000 00410 a2200157 4500
999 _c3637
_d3637
020 _a9788132105794
050 _aP 90 MCQ 2010
100 _aMcQuail, Denis
245 _aMcQuail's mass communication theory /
_cDenis McQuail
250 _a6th ed.
264 _aNew Dehli
_bSage
_c2010
300 _aix,614p.
500 _ainclude index
650 _aMass communication
942 _2lcc
_cBK
_e6th ed.
_h90
_iMcQ
_kP